Logo BPK

Bibliografia Prac Pracowników

Politechniki Koszalińskiej

Problemy wyboru kryteriów oceny własności eksploatacyjnych ściernic / (Rekord nr 5427)

Szczegóły MARC
000 -ETYKIETA REKORDU
podpole kontrolne o stałej długości 01658naa a2200253 i 4500
001 - NUMER KONTROLNY REKORDU
podpole kontrolne BPP
003 - IDENTYFIKATOR NUMERU KONTROLNEGO REKORDU
podpole kontrolne BPK
005 - DATA OSTATNIEJ MODYFIKACJI REKORDU
podpole kontrolne 20190610114406.0
008 - POLE O STAŁEJ DŁUGOŚCI - DANE KONTROLNE
podpole kontrolne o stałej długości 140415s1978 pl f |100 0 pol
040 ## - ŹRÓDŁO KATALOGOWANIA
Instytucja, która utworzyła rekord BPK
080 ## - UNIWERSALNA KLASYFIKACJA DZIESIĘTNA - UKD
UKD 621.9
100 ## - NAZWA OSOBOWA
Nazwa osobowa KACALAK, Wojciech.
Lata pracy 1970 - 1996.
Instytucja Wyższa Szkoła Inżynierska w Koszalinie - Instytut Techniki Wytwarzania,
Wydział Zakład Obróbki Skrawaniem
245 ## - TYTUŁ/ODPOWIEDZIALNOŚĆ
Tytuł Problemy wyboru kryteriów oceny własności eksploatacyjnych ściernic /
Pozostałe elementy strefy tytułu i oznaczenia odpowiedzialności Wojciech Kacalak, Stanisław Kapłonek, Bronisław Słowiński.
260 ## - STREFA ADRESU WYDAWNICZEGO
Data publikacji, dystrybucji/powstania dokumentu 1978.
500 ## - UWAGI OGÓLNE
Tekst uwagi Dane z autopsji.
520 ## - UWAGA DOTYCZĄCA TREŚCI DOKUMENTU
Analiza dokumentacyjna, adnotacja itp. W pracy omówiono problemy oceny własności eksploatacyjnych ściernic i wyboru kryteriów tej oceny. Przedstawiono również wyniki badań własności eksploatacyjnych ściernic ocenianych za pomocą różnych kryteriów. Analiza wyników badań zawiera wnioski dotyczące formułowania kryteriów odpowiadających przewidywanemu obszarowi parametrów pracy ściernicy i jej przeznaczeniu.
655 #0 - TERMIN INDEKSOWY - OKREŚLENIE RODZAJU/FORMY DOKUMENTU
Określnie rodzaju/formy dokumentu Materiały konferencyjne.
650 ## - HASŁO PRZEDMIOTOWE W FORMIE NAZWY OGÓLNEJ LUB JEDNOSTKOWEJ
Nazwa ogólna lub geograficzna Ściernica
773 ## - TYTUŁ DOKUMENTU MACIERZYSTEGO
Wyrażenie wprowadzające W :
Tytuł Postępy w technice wytwarzania. Cz. 1, Narzędzia i technologia obróbki ściernej. -
Informacje dotyczące relacji 1978, s. 90-100
700 ## - HASŁO DODATKOWE - NAZWA OSOBOWA
Nazwa osobowa SŁOWIŃSKI, Bronisław.
Lata pracy 1972 - 1996.
Instytucja Wyższa Szkoła Inżynierska w Koszalinie - Instytut Techniki Wytwarzania,
Wydział Zakład Obróbki Skrawaniem
700 ## - HASŁO DODATKOWE - NAZWA OSOBOWA
Nazwa osobowa KAPŁONEK, Stanisław.
Lata pracy 1972 - 1996.
Instytucja Wyższa Szkoła Inżynierska w Koszalinie - Instytut Techniki Wytwarzania,
Wydział Zakład Obróbki Skrawaniem
711 ## - HASŁO DODATKOWE - NAZWA IMPREZY
Nazwa imprezy Konferencja Naukowo-Techniczna "Postępy w technice wytwarzania"
Data imprezy (1978 ;
Miejsce imprezy Kołobrzeg, Polska).
942 ## - HASŁO DODATKOWE - ELEMENTY(KOHA)
Typ dokumentu Artykuł
Schemat klasyfikacji Uniwersalna klasyfikacja dziesiętna
Egzemplarze
Wycofany Zagubiony Uszkodzony Dostępność Lokalizacja stała Lokalizacja bieżąca Sygnatura Typ dokumentu
      Dostępny Bibliografia Prac Pracowników - BPK Bibliografia Prac Pracowników - BPK 25774 Artykuł
© 2014 Biblioteka Politechniki Koszalińskiej :: BIBLIOGRAFIA PRAC PRACOWNIKÓW